• 首页
  • 本馆介绍
  • 公告通知
  • 最新文献
  • 馆藏检索
  • 电子资源
  • 读者导购
  • 参考咨询
  • 我的图书馆
  • 登录
  • 详细信息显示
  • 放入我的书架
  • 预约/预借图书
  • 作者相关作品
  • 分类相关作品
  • 丛书相关作品
  • 出版社相关作品

书目信息

  • 表格格式
  • 工作单格式
  • 卡片格式
题名:
别说你懂通货膨胀
    
 
作者: 李妍 编著
分册:  
出版信息: 北京   中国时代经济出版社  2011
页数: 251页
开本: 24cm
丛书名:
单 册:
中图分类: F820.5
科图分类:
主题词: 通货膨胀--基本知识 , 通货膨胀
电子资源:
ISBN: 978-7-5119-0928-2
000 01084nam0 2200253 450
001 523
005 20140909101720.10
010    @a978-7-5119-0928-2@dCNY32.00
100    @a20121217d2011 em y0chiy50 ea
101 0  @achi
102    @aCN@b110000
105    @ay z 000yy
106    @ar
200 1  @a别说你懂通货膨胀@ABie Shuo Ni Dong Tong Huo Peng Zhang@e不知道就要吃亏的96个通胀知识点@EBu Zhi Dao Jiu Yao Chi Kui De 96 Ge Tong Zhang Zhi Shi Dian@f李妍编著@FLi Yan Bian Zhu
210    @a北京@c中国时代经济出版社@d2011
215    @a251页@d24cm
330    @a本书分为通货膨胀基础知识、通货膨胀与生活、通货膨胀与理财三部分,内容包括:通货膨胀进行时——谁动了我的生活、通货膨胀预期:临渴掘井还是未雨绸缪、私企是通货膨胀的“替罪羊”、谁将是房地产泡沫的终结者、通货膨胀对养老金有什么作用等。
517 1  @a不知道就要吃亏的96个通胀知识点@ABu Zhi Dao Jiu Yao Chi Kui De 96 Ge Tong Zhang Zhi Shi Dian
606 0  @a通货膨胀@x基本知识
606 0  @a通货膨胀
690    @aF820.5@v5
701  0 @a李妍@ALi Yan@4编著
801  0 @aCN@bTANGWEI@c20140603
905    @b0840521-23@dF820.5@e67@f3
    
    别说你懂通货膨胀:不知道就要吃亏的96个通胀知识点/李妍编著.-北京:中国时代经济出版社,2011
    251页;24cm
    
    
    ISBN 978-7-5119-0928-2:CNY32.00
    本书分为通货膨胀基础知识、通货膨胀与生活、通货膨胀与理财三部分,内容包括:通货膨胀进行时——谁动了我的生活、通货膨胀预期:临渴掘井还是未雨绸缪、私企是通货膨胀的“替罪羊”、谁将是房地产泡沫的终结者、通货膨胀对养老金有什么作用等。
●
相关链接 在E读中查询图书 在五车中查询图书 在当当中查询图书 在豆瓣中查询图书


正题名:别说你懂通货膨胀     索取号:F820.5/67         预约/预借

序号 登录号 条形码 馆藏地/架位号 状态 备注
1 0840521   208405215   第一样本阅览室/ [索取号:F820.5/67] 在馆    
2 0840522   208405224   第一借阅区/ [索取号:F820.5/67] 在馆    
3 0840523   208405233   密集书库-海洋学院/ [索取号:F820.5/67] 在馆    
唐山师范学院图书馆 欢迎您!
大连网信软件有限公司© 版权所有